• 首页
  • 本馆介绍
  • 公告通知
  • 最新文献
  • 馆藏检索
  • 电子资源
  • 读者导购
  • 参考咨询
  • 我的图书馆
  • 登录
  • 详细信息显示
  • 放入我的书架
  • 预约/预借图书
  • 作者相关作品
  • 分类相关作品
  • 丛书相关作品
  • 出版社相关作品

书目信息

  • 表格格式
  • 工作单格式
  • 卡片格式
题名:
低碳钢和低合金钢焊接接头的动载强度
    
 
作者: 阿斯尼斯 著
分册:  
出版信息: 北京   中国工业出版社  1965
页数: 176页
开本: 20cm
丛书名:
单 册:
中图分类: TG407
科图分类:
主题词: 焊接 , 切割 , 金属--粘接
电子资源:
ISBN:
000 00669nam0 2200229 450
001 0559361706
005 20051231163650.70
010    @dCNY0.80
091    @a15165.3601
100    @a20051231d1965 km y0chiy0120 ea
101 0  @achi
102    @aCN@b110000
200 1  @a低碳钢和低合金钢焊接接头的动载强度@Adi tan gang he di he jin gang han jie jie tou de dong zai qiang du@f(苏)A·E·阿斯尼斯著@F(su)A·E·a si ni si zhu
210    @a北京@c中国工业出版社@d1965
215 1  @a176页@d20cm
606 0  @a焊接
606 0  @a切割
606 0  @a金属@x粘接
690    @aTG407@v4
701  0 @a阿斯尼斯@Aa si ni si@4著
801  0 @aCN@bPFT@c20051231
905    @a10447@dTG407@e8
    
    低碳钢和低合金钢焊接接头的动载强度/(苏)A·E·阿斯尼斯著.-北京:中国工业出版社,1965
    176页;20cm
    
    
    ISBN :CNY0.80
    
●
相关链接 在E读中查询图书 在五车中查询图书 在当当中查询图书 在豆瓣中查询图书


正题名:低碳钢和低合金钢焊接接头的动载强度     索取号:TG407/8         预约/预借

序号 登录号 条形码 馆藏地/架位号 状态 备注
1 0018098   202184359   密集书库/ [索取号:TG407/8] 在馆    
唐山师范学院图书馆 欢迎您!
大连网信软件有限公司© 版权所有